000 00597nam a2200241Ia 4500
003 OSt
005 20221007071428.0
006 a|||||r|||| 00| 0
007 ta
008 221006b |||||||| |||| 00| 0 eng d
024 _a25,000
037 _cTextual
040 _aFLL
_cFLL
_beng
041 _2eng
_aeng
082 _aZ3:12, K6
100 _aBromley P.M.
_9688418
245 0 _aFamily law
250 _a3rd
260 _aLondon
_bButterworths London
_c1966
300 _axc,1-540p
_ccm.
942 _hZ3:12, K6
_cTEXL
_2CC
999 _c1143314
_d1143314